Winter Olympics Host Cities - Sudden Death - Statistics

General Stats
  • This quiz has been taken 2,855 times
    1,681 since last reset
  • The average score is 11 of 20
Answers on the Grid
Answers color-coded by a green-red scale on the quiz's grid according to % correct below.
Albertville
Almaty
Aspen
Beijing
Calgary
Chamonix
Cortina d'Ampezzo
Garmisch-Partenkirchen
Grenoble
Innsbruck
Krasnoyarsk
Lake Placid
Lillehammer
Ljubljana
Montreal
Moscow
Nagano
Oberstdorf
Oslo
Pyeongchang
Queenstown
Rovaniemi
Salt Lake City
Sapporo
Sarajevo
Sochi
St. Moritz
Stockholm
Trondheim
Turin
Vancouver
Winnipeg
Zakopane
 
Answer Stats
Answer % Correct
Calgary
69%
Beijing
68%
Lillehammer
68%
Innsbruck
65%
Lake Placid
62%
Albertville
61%
Sochi
59%
Salt Lake City
58%
Cortina d'Ampezzo
57%
Chamonix
52%
Vancouver
52%
Pyeongchang
50%
Turin
50%
Nagano
48%
Sarajevo
48%
Grenoble
44%
Oslo
41%
Sapporo
41%
St. Moritz
41%
Garmisch-Partenkirchen
39%
No matching quizzes found
Score Distribution
Percent of People with Each Score
Percentile by Number Answered
Your Score History
You have not taken this quiz since the last reset